Les Hauts de France de A à Z - Statistiques

Statistiques générales
  • Ce quiz a été pris 39 fois
  • Le résultat moyen est 10 sur 26
Statistiques - réponses
Lettre Question Réponse % Correct
L Commune la plus peuplée de la région Lille
88%
B 1er port de mer de France Boulogne-sur-Mer
81%
F Région de reliefs bas traditionnellement bilingue Flandre
72%
G Prénom du maire de Tourcoing, nommé ministre de l'Intérieur en juillet 2020 Gérald
72%
X Prénom du président du conseil régional à partir de 2021 Xavier
72%
I Secteur économique qui emploie près de 20 % des salariés Industrie
69%
Y Ville de la Somme bien connue pour son nom particulièrement court Y
69%
C Roche la plus commune dans la région Craie
59%
D 1ère préfecture du Nord Douai
59%
E Fleuve qui prend sa source en France à Gouy et traverse la Belgique et les Pays-Bas Escaut
59%
J Type de musique présentée au festival de Tourcoing depuis 1987 Jazz
59%
W Commune du Nord quasi homonyme d'une célèbre défaite Wattrelos
59%
M Premier ministre et ancien maire de Lille (prénom et nom) Pierre Mauroy
53%
A Ancienne province qui avait pour "capitale" Arras Artois
44%
Q Ville du Nord ayant conservé ses fortifications. Le... Quesnoy
34%
T Ouvrage construit entre 1987 et 1987 entre Coquelles et Folkestone Tunnel
28%
S Capitale de l'Audomarois Saint-Omer
25%
N Ancien siège de diocèse, ville natale de Jean Calvin Noyon
13%
O Château médiéval situé sur la Lawe dans le Pas-de-Calais Olhain
9%
P Ancien comté qui avait pour capitale Abbeville Ponthieu
6%
U Le U est la dernière lettre de ce pays traditionnel où se trouve notamment Saint-Valéry-sur-Somme Vimeu
6%
Z Dernière commune de France par ordre alphabétique Zuytpeene
6%
H Aire protégée du littoral picard situé sur les communes de Cayeux, Woignarue et Brutelles (3 mots) Hâble d'Ault
0%
K Artiste né à Varsovie mais ayant vécu sa jeunesse dans une cité minière du Pas-de-Calais (prénom et nom) Ladislas Kijno
0%
R Château du XVe siècle situé dans la Somme très bien conservé Rambures
0%
V Village où se trouvait autrefois un somptueux château détruit en 1533 par Charles-Quint Vieil-Hesdin
0%
Aucun quiz correspondant
Distribution des résultats
% des personnes avec chaque résultat
Percentile par nombre de réponses
Votre historique - résultats
Vous n’avez pas pris ce quiz